000
00352nam a2200157Ia 4500
005
20250425161614.0
008
250425s9999 xx 000 0 und d
041
_a
eng
082
_a
IBM4381
245
0
_a
SPOT TESTS IN INORGANIC ANALYSIS
250
_a
S.E.
260
_a
S.L.
260
_a
Sin Pais
_b
ELSE
_c
1972
942
_c
01
010
_a
24123
999
_c
212466
_d
212466